Production /Operations management: (Record no. 14157)
[ view plain ]
| 000 -LEADER | |
|---|---|
| fixed length control field | 00471nam a22001577a 4500 |
| 003 - CONTROL NUMBER IDENTIFIER | |
| control field | URS |
| 005 - DATE AND TIME OF LATEST TRANSACTION | |
| control field | 20220114171550.0 |
| 008 - FIXED-LENGTH DATA ELEMENTS--GENERAL INFORMATION | |
| fixed length control field | 170324b xxu||||| |||| 00| 0 eng d |
| 050 ## - LIBRARY OF CONGRESS CALL NUMBER | |
| Classification number | TS155 |
| Item number | E82 1997 |
| 100 ## - MAIN ENTRY--PERSONAL NAME | |
| Personal name | Evans, James R. |
| Relator code | author |
| 245 ## - TITLE STATEMENT | |
| Title | Production /Operations management: |
| Remainder of title | quality, performance, and value |
| Statement of responsibility, etc. | James R. Evans |
| 250 ## - EDITION STATEMENT | |
| Edition statement | Fifth Edition |
| 260 ## - PUBLICATION, DISTRIBUTION, ETC. | |
| Place of publication, distribution, etc. | New York: |
| Name of publisher, distributor, etc. | West Publishing, |
| Date of publication, distribution, etc. | 1993 |
| 300 ## - PHYSICAL DESCRIPTION | |
| Extent | xviii, 789 pages; |
| Dimensions | 26 cm. |
| 942 ## - ADDED ENTRY ELEMENTS (KOHA) | |
| Koha item type | Foreign Books |
| Source of classification or shelving scheme | Library of Congress Classification |
| Withdrawn status | Source of classification or shelving scheme | Damaged status | Not for loan | Collection code | Home library | Current library | Shelving location | Date acquired | Total Checkouts | Full call number | Barcode | Date last seen | Price effective from | Koha item type |
|---|---|---|---|---|---|---|---|---|---|---|---|---|---|---|
| Library of Congress Classification | Non-fiction | Binangonan College Library | Binangonan College Library | Foreign Section | 06/07/2023 | TS155 E82 1997 | URSBIN-0374 | 03/03/2016 | 03/03/2016 | Foreign Books |